[Event "Memorial Pedro Lezcano Montalvo 2015"]
[Site "Gran Canaria ESP"]
[Date "2015.03.30"]
[Round "1.1"]
[White "Cubas Cabrera, Angel Luis"]
[Black "Horvath, Adam"]
[Result "0-1"]
[WhiteElo "1798"]
[BlackElo "2532"]
[PlyCount "108"]
[EventDate "2015.03.30"]
[EventType "swiss"]
[EventRounds "9"]
[EventCountry "ESP"]
[Source "lmi"]
[SourceDate "2015.03.30"]

1. d4 Nf6 2. c4 e6 3. Nc3 Bb4 4. Qc2 c5 5. dxc5 Bxc5 6. Nf3 Qb6 7. e3 Qc7 8.
Be2 a6 9. a3 Be7 10. O-O b6 11. Rd1 Bb7 12. Bd2 d6 13. Rac1 Nbd7 14. Be1 Rc8
15. b4 O-O 16. Qb3 Bxf3 17. gxf3 Ne5 18. Na2 Qb7 19. e4 Nh5 20. Bd2 Ng6 21. Be3
Nhf4 22. Nc3 Bf6 23. Bf1 Be5 24. Ne2 Qe7 25. Nxf4 Nxf4 26. Bxf4 Bxf4 27. Rc2 a5
28. b5 Rc5 29. h3 Qf6 30. Kh1 Rh5 31. Bg2 Rc8 32. a4 Rcc5 33. Qd3 Qh6 34. Qf1
Rh4 35. Kg1 Rg5 36. Kh1 Rgh5 37. Kg1 Qg5 38. Kh1 Be5 39. Rd3 Qf4 40. Qg1 h6 41.
Re3 Rg5 42. Rd3 Rxh3+ 43. Bxh3 Rxg1+ 44. Kxg1 Qh2+ 45. Kf1 Qxh3+ 46. Ke2 Qh2
47. Rd1 h5 48. Rcc1 h4 49. Rh1 Qf4 50. Rcg1 Bf6 51. Rc1 Qe5 52. Rc2 g5 53. Ke3
Qf4+ 54. Ke2 g4 0-1

[Event "Memorial Pedro Lezcano Montalvo 2015"]
[Site "Gran Canaria ESP"]
[Date "2015.03.30"]
[Round "1.2"]
[White "Gleizerov, Evgeny"]
[Black "Cruz Ramirez, Nauzet"]
[Result "1/2-1/2"]
[WhiteElo "2531"]
[BlackElo "1783"]
[PlyCount "74"]
[EventDate "2015.03.30"]
[EventType "swiss"]
[EventRounds "9"]
[EventCountry "ESP"]
[Source "lmi"]
[SourceDate "2015.03.30"]

1. d4 Nf6 2. c4 c5 3. d5 b5 4. cxb5 a6 5. b6 d6 6. Nc3 g6 7. Nf3 Bg7 8. Qb3 Bb7
9. Nd2 Nbd7 10. Nc4 Bxd5 11. Nxd5 Nxd5 12. Nxd6+ exd6 13. Qxd5 Nxb6 14. Qc6+
Kf8 15. g3 Rc8 16. Qb7 Qc7 17. Bg2 Qxb7 18. Bxb7 Rb8 19. Bxa6 Na4 20. O-O Bxb2
21. Bxb2 Rxb2 22. Rfb1 Ke7 23. Rxb2 Nxb2 24. a4 Ra8 25. Bb5 c4 26. Kf1 c3 27.
Ke1 d5 28. e3 Kd6 29. Rc1 Rc8 30. a5 Rc5 31. Be2 Kc6 32. Ra1 Kb7 33. a6+ Ka7
34. h4 f5 35. Rc1 Kb6 36. Ra1 Ka7 37. Rc1 Kb6 1/2-1/2

[Event "Memorial Pedro Lezcano Montalvo 2015"]
[Site "Gran Canaria ESP"]
[Date "2015.03.30"]
[Round "1.3"]
[White "Haenen, Tom"]
[Black "Ulybin, Mikhail"]
[Result "0-1"]
[WhiteElo "1761"]
[BlackElo "2502"]
[PlyCount "102"]
[EventDate "2015.03.30"]
[EventType "swiss"]
[EventRounds "9"]
[EventCountry "ESP"]
[Source "lmi"]
[SourceDate "2015.03.30"]

1. d4 e6 2. Nf3 c5 3. e3 Nf6 4. Bd3 Be7 5. O-O O-O 6. b3 b6 7. Bb2 Bb7 8. Nbd2
d6 9. c4 Nbd7 10. Rc1 Re8 11. Bb1 h6 12. Qc2 Bf8 13. Ne5 cxd4 14. exd4 dxe5 15.
dxe5 g6 16. exf6 Nxf6 17. Rcd1 Qe7 18. Qd3 Rad8 19. Qe2 e5 20. Rfe1 Nh5 21. Be4
Nf4 22. Qf1 Bxe4 23. Nxe4 f5 24. Nc3 e4 25. Nd5 Nxd5 26. cxd5 Qf7 27. Qb5 Bc5
28. b4 Bd6 29. Rc1 Rd7 30. Rc6 Kh7 31. Rec1 f4 32. Rc8 Rdd8 33. Rxd8 Rxd8 34.
Qc6 f3 35. Qc3 Rf8 36. g3 g5 37. Qd4 Qe7 38. Rc6 Kg6 39. Rxd6+ Qxd6 40. Qxe4+
Kf7 41. Be5 Qg6 42. Qxf3+ Ke8 43. Qe2 Kd8 44. Qb2 Qe4 45. Bd4 Qxd5 46. Be3 Qd1+
47. Kg2 Qf3+ 48. Kg1 Rf7 49. Qh8+ Kc7 50. Qc3+ Kb7 51. b5 Rd7 0-1

[Event "Memorial Pedro Lezcano Montalvo 2015"]
[Site "Gran Canaria ESP"]
[Date "2015.03.30"]
[Round "1.4"]
[White "Cabrera Gomez, Tomas"]
[Black "Hansen, Torbjorn Ringdal"]
[Result "0-1"]
[WhiteElo "1757"]
[BlackElo "2487"]
[PlyCount "60"]
[EventDate "2015.03.30"]
[EventType "swiss"]
[EventRounds "9"]
[EventCountry "ESP"]
[Source "lmi"]
[SourceDate "2015.03.30"]

1. e4 c5 2. Nf3 d6 3. d4 cxd4 4. Nxd4 Nf6 5. Nc3 a6 6. Be3 e5 7. Nb3 Be7 8. f3
Be6 9. Qd2 O-O 10. g4 d5 11. exd5 Nxd5 12. Nxd5 Bxd5 13. Bg2 Bh4+ 14. Bf2 Bxf2+
15. Qxf2 Bc4 16. Rd1 Qe7 17. Bf1 Bxf1 18. Kxf1 Nc6 19. Kg2 f5 20. h3 e4 21. f4
Rae8 22. Qe3 Qf6 23. c3 fxg4 24. Rhf1 gxh3+ 25. Kxh3 Qf5+ 26. Kg3 Re6 27. Rd2
Ne5 28. Rg2 Rg6+ 29. Kh2 Ng4+ 30. Rxg4 Qxg4 0-1

[Event "Memorial Pedro Lezcano Montalvo 2015"]
[Site "Gran Canaria ESP"]
[Date "2015.03.30"]
[Round "1.5"]
[White "Czebe, Attila"]
[Black "Kleine, Peter"]
[Result "1-0"]
[WhiteElo "2442"]
[BlackElo "1739"]
[PlyCount "39"]
[EventDate "2015.03.30"]
[EventType "swiss"]
[EventRounds "9"]
[EventCountry "ESP"]
[Source "lmi"]
[SourceDate "2015.03.30"]

1. e4 e5 2. Nf3 Nf6 3. Nxe5 d6 4. Nc4 Nxe4 5. Qe2 Qe7 6. Ne3 Nf6 7. c4 Nc6 8.
Nc3 g6 9. Ncd5 Nxd5 10. Nxd5 Qxe2+ 11. Bxe2 Kd8 12. d4 Nxd4 13. Bg5+ Kd7 14.
Bf6 Nc2+ 15. Kd2 Nxa1 16. Bxh8 Bh6+ 17. Ne3 Nc2 18. Kxc2 Kc6 19. Bf3+ Kc5 20.
b4+ 1-0

[Event "Memorial Pedro Lezcano Montalvo 2015"]
[Site "Gran Canaria ESP"]
[Date "2015.03.30"]
[Round "1.6"]
[White "Yingrui, Lin"]
[Black "Larino Nieto, David"]
[Result "0-1"]
[WhiteElo "1733"]
[BlackElo "2438"]
[PlyCount "64"]
[EventDate "2015.03.30"]
[EventType "swiss"]
[EventRounds "9"]
[EventCountry "ESP"]
[Source "lmi"]
[SourceDate "2015.03.30"]

1. e4 c6 2. d4 d5 3. Nc3 dxe4 4. Nxe4 Nf6 5. Nxf6+ exf6 6. Nf3 Bd6 7. Be3 O-O
8. Bc4 Bg4 9. h3 Bh5 10. g4 Bg6 11. Qd2 b5 12. Bb3 Be4 13. Qe2 Re8 14. Rg1 Bf4
15. Nd2 Bd5 16. Bxd5 Qxd5 17. Nb3 Qg5 18. Rg3 Nd7 19. Rf3 Bxe3 20. Rxe3 Kf8 21.
O-O-O Nb6 22. Kb1 Nc4 23. Rxe8+ Rxe8 24. Qf3 Qd5 25. Qxd5 cxd5 26. a4 bxa4 27.
Nc5 a3 28. b3 Nd6 29. Rd2 Nb5 30. c4 Nc3+ 31. Kc2 a2 32. Kb2 Re1 0-1

[Event "Memorial Pedro Lezcano Montalvo 2015"]
[Site "Gran Canaria ESP"]
[Date "2015.03.30"]
[Round "1.7"]
[White "Roeder, Matthias"]
[Black "Schlittermann, Wolfgang"]
[Result "1-0"]
[WhiteElo "2418"]
[BlackElo "1724"]
[PlyCount "57"]
[EventDate "2015.03.30"]
[EventType "swiss"]
[EventRounds "9"]
[EventCountry "ESP"]
[Source "lmi"]
[SourceDate "2015.03.30"]

1. Nf3 d5 2. c4 c6 3. e3 Nf6 4. Nc3 g6 5. d4 Bg7 6. Be2 Bg4 7. cxd5 Nxd5 8. Bd2
O-O 9. O-O Nd7 10. Nxd5 cxd5 11. Qb3 Qb6 12. Qxd5 Qxb2 13. Rab1 Bxf3 14. Bxf3
Qxd2 15. Qxd7 Qxa2 16. Qxe7 a5 17. Qxb7 Rab8 18. Qe4 Rfe8 19. Ra1 Qd2 20. Qd5
Bh6 21. Qxa5 Bxe3 22. fxe3 Qxe3+ 23. Kh1 Qxd4 24. Rad1 Qg7 25. Rd7 Rf8 26. Bd5
Qf6 27. Qe1 Rbe8 28. Rxf7 Rxe1 29. R7xf6+ 1-0

[Event "Memorial Pedro Lezcano Montalvo 2015"]
[Site "Gran Canaria ESP"]
[Date "2015.03.30"]
[Round "1.8"]
[White "Muratet Carmona, Julia"]
[Black "Kohlweyer, Bernd"]
[Result "0-1"]
[WhiteElo "1711"]
[BlackElo "2402"]
[PlyCount "56"]
[EventDate "2015.03.30"]
[EventType "swiss"]
[EventRounds "9"]
[EventCountry "ESP"]
[Source "lmi"]
[SourceDate "2015.03.30"]

1. e4 c5 2. Nf3 d6 3. d4 cxd4 4. Nxd4 Nf6 5. Nc3 a6 6. Be2 e6 7. O-O Be7 8. Be3
O-O 9. f4 Nc6 10. Qd2 Bd7 11. g4 Nxd4 12. Bxd4 Bc6 13. Bf3 Nd7 14. Rae1 e5 15.
Bf2 exf4 16. Qxf4 Ne5 17. Nd5 Bg5 18. Qg3 Bh4 19. Qh3 Bxf2+ 20. Rxf2 Bxd5 21.
exd5 Qa5 22. Ra1 Rac8 23. Be4 g6 24. a3 Rc4 25. b4 Rxb4 26. Re1 Rb3 27. Qf1
Rxa3 28. h3 Rxh3 0-1

[Event "Memorial Pedro Lezcano Montalvo 2015"]
[Site "Gran Canaria ESP"]
[Date "2015.03.30"]
[Round "1.9"]
[White "Del Rey, Diego"]
[Black "Santana Montjoy, Javier"]
[Result "1-0"]
[WhiteElo "2375"]
[BlackElo "1700"]
[PlyCount "105"]
[EventDate "2015.03.30"]
[EventType "swiss"]
[EventRounds "9"]
[EventCountry "ESP"]
[Source "lmi"]
[SourceDate "2015.03.30"]

1. d4 Nf6 2. Bg5 d5 3. e3 Ne4 4. Bf4 Bf5 5. Bd3 e6 6. Ne2 c5 7. Bxb8 Qa5+ 8. c3
Rxb8 9. dxc5 Qxc5 10. Nd4 a6 11. O-O Be7 12. Nxf5 exf5 13. Na3 O-O 14. Nc2 Bg5
15. Nd4 f4 16. exf4 Bxf4 17. Qg4 Qc7 18. g3 Be5 19. Bxe4 dxe4 20. Qxe4 Rfe8 21.
Rfe1 h6 22. Nf3 Bd6 23. Qd5 Rbd8 24. Rxe8+ Rxe8 25. Re1 Rxe1+ 26. Nxe1 Bc5 27.
Nd3 Ba7 28. c4 Qb6 29. Kg2 g6 30. b4 Qd4 31. Qxd4 Bxd4 32. Kf3 f5 33. Nf4 Kf7
34. Nd5 g5 35. h3 Ke6 36. a4 Kd6 37. Ne3 Ke5 38. g4 f4 39. Nf5 Bc3 40. b5 axb5
41. axb5 h5 42. Ke2 hxg4 43. hxg4 Bd4 44. f3 Bc5 45. Kd3 b6 46. Kc3 Bf2 47. Ne7
Bc5 48. Nd5 Bd4+ 49. Kd3 Bc5 50. Nc3 Bb4 51. Ne4 Be7 52. c5 bxc5 53. Kc4 1-0

[Event "Memorial Pedro Lezcano Montalvo 2015"]
[Site "Gran Canaria ESP"]
[Date "2015.03.30"]
[Round "1.10"]
[White "Suarez Buceta, Melquiades"]
[Black "Alvarado Diaz, Alejandro"]
[Result "0-1"]
[WhiteElo "1686"]
[BlackElo "2369"]
[PlyCount "68"]
[EventDate "2015.03.30"]
[EventType "swiss"]
[EventRounds "9"]
[EventCountry "ESP"]
[Source "lmi"]
[SourceDate "2015.03.30"]

1. e4 d5 2. exd5 Qxd5 3. Nc3 Qd6 4. d4 Nf6 5. Bc4 g6 6. Nge2 Bg7 7. Bf4 Qd8 8.
Qd2 a6 9. Bh6 O-O 10. Bxg7 Kxg7 11. O-O-O b5 12. Bd3 Bb7 13. f3 Nbd7 14. Ne4 e5
15. Nxf6 Qxf6 16. Be4 Bxe4 17. fxe4 exd4 18. Qxd4 Qxd4 19. Rxd4 Ne5 20. a4 Rfe8
21. b3 Re7 22. Kb2 Nc6 23. Rd3 bxa4 24. Ng3 axb3 25. Rxb3 h5 26. h4 Nd4 27. Rb4
Ne6 28. Rf1 Rd7 29. Rf2 a5 30. Rb5 Rd4 31. Kc3 Ra6 32. Kb3 a4+ 33. Ka3 Rc6 34.
Kb2 Rdc4 0-1

[Event "Memorial Pedro Lezcano Montalvo 2015"]
[Site "Gran Canaria ESP"]
[Date "2015.03.30"]
[Round "1.11"]
[White "Gutierrez Olivares, Daniel"]
[Black "Muratet Carmona, Alexandra"]
[Result "1-0"]
[WhiteElo "2309"]
[BlackElo "1683"]
[PlyCount "64"]
[EventDate "2015.03.30"]
[EventType "swiss"]
[EventRounds "9"]
[EventCountry "ESP"]
[Source "lmi"]
[SourceDate "2015.03.30"]

1. c4 e6 2. Nf3 d5 3. g3 Nf6 4. Bg2 Be7 5. O-O Nbd7 6. b3 b6 7. Bb2 Bb7 8. Nc3
c5 9. e3 O-O 10. d3 Qc7 11. Qe2 Rfd8 12. e4 Nf8 13. Nb5 Qc8 14. exd5 a6 15. Nc3
Ng6 16. Na4 Rd6 17. Bh3 b5 18. Nc3 Qd8 19. Ne4 Nxe4 20. dxe4 exd5 21. cxd5 Bc8
22. Bg2 f5 23. Ne5 Nxe5 24. Bxe5 Rg6 25. exf5 Bxf5 26. d6 Ra7 27. dxe7 Rxe7 28.
Rad1 Qe8 29. f4 Bg4 30. Bd5+ Kh8 31. Bf3 Bh3 32. Rfe1 Bg4 1-0

[Event "Memorial Pedro Lezcano Montalvo 2015"]
[Site "Gran Canaria ESP"]
[Date "2015.03.30"]
[Round "1.12"]
[White "Robin, Samy"]
[Black "Gutierrez Diaz, Kevin"]
[Result "1-0"]
[WhiteElo "2293"]
[BlackElo "1655"]
[PlyCount "51"]
[EventDate "2015.03.30"]
[EventType "swiss"]
[EventRounds "9"]
[EventCountry "ESP"]
[Source "lmi"]
[SourceDate "2015.03.30"]

1. d4 f5 2. Nc3 Nf6 3. e4 fxe4 4. f3 e3 5. Bxe3 d5 6. Qd2 e6 7. Bd3 Be7 8. g4
a5 9. g5 Nh5 10. f4 O-O 11. Nge2 b6 12. Ng3 Qe8 13. Be2 Nxg3 14. hxg3 g6 15.
O-O-O c5 16. dxc5 bxc5 17. Nxd5 Ra7 18. Bc4 Rf7 19. Nxe7+ Rfxe7 20. Bxc5 Red7
21. Qe3 Rxd1+ 22. Rxd1 Rf7 23. Bd4 Nc6 24. Bb5 Bd7 25. Bxc6 Bxc6 26. Qe5 1-0

[Event "Memorial Pedro Lezcano Montalvo 2015"]
[Site "Gran Canaria ESP"]
[Date "2015.03.30"]
[Round "1.13"]
[White "Sanchez Ramirez, Gustavo"]
[Black "Meyer, Lars A"]
[Result "1/2-1/2"]
[WhiteElo "1655"]
[BlackElo "2279"]
[PlyCount "83"]
[EventDate "2015.03.30"]
[EventType "swiss"]
[EventRounds "9"]
[EventCountry "ESP"]
[Source "lmi"]
[SourceDate "2015.03.30"]

1. e4 d5 2. exd5 Nf6 3. c4 c6 4. Nc3 cxd5 5. cxd5 g6 6. Bc4 Bg7 7. d3 O-O 8.
Nf3 Bg4 9. h3 Bxf3 10. Qxf3 Nbd7 11. O-O a6 12. a4 Rc8 13. b3 Ne8 14. Bd2 b5
15. axb5 Bxc3 16. Bxc3 axb5 17. Ba5 Nc7 18. Bxb5 Ne5 19. Qe4 Qxd5 20. Bxc7 Qxe4
21. dxe4 Rxc7 22. Rfc1 Rfc8 23. Rxc7 Rxc7 24. f4 Rc5 25. Be2 Nc6 26. Ra8+ Kg7
27. Rc8 Rc2 28. Bb5 Nd4 29. Rxc2 Nxc2 30. Kf2 f6 31. Bc4 e5 32. fxe5 fxe5 33.
Ke2 Kf6 34. Kd3 Ne1+ 35. Kc3 Nxg2 36. b4 Ke7 37. b5 Kd6 38. Kb4 g5 39. Ka5 Kc7
40. b6+ Kb8 41. Kb5 Nf4 42. Bf1 1/2-1/2

[Event "Memorial Pedro Lezcano Montalvo 2015"]
[Site "Gran Canaria ESP"]
[Date "2015.03.30"]
[Round "1.14"]
[White "Guerrero Orihuela, Jose Luis"]
[Black "Kvisvik, Brede"]
[Result "0-1"]
[WhiteElo "1621"]
[BlackElo "2273"]
[PlyCount "92"]
[EventDate "2015.03.30"]
[EventType "swiss"]
[EventRounds "9"]
[EventCountry "ESP"]
[Source "lmi"]
[SourceDate "2015.03.30"]

1. d4 d5 2. c4 dxc4 3. Nf3 Nf6 4. Nc3 a6 5. e4 b5 6. a3 e6 7. Bg5 Be7 8. Be2
Bb7 9. Qc2 O-O 10. O-O c5 11. dxc5 Nfd7 12. Bxe7 Qxe7 13. Nd4 Nxc5 14. f4 Nc6
15. Nf3 Rad8 16. Rad1 Nb3 17. Qb1 Qc5+ 18. Kh1 Ncd4 19. Nxd4 Nxd4 20. Bg4 f5
21. exf5 exf5 22. Be2 a5 23. Qc1 Rfe8 24. Rfe1 Nb3 25. Qc2 Rxd1 26. Qxd1 Bc6
27. Bf3 Rxe1+ 28. Qxe1 Nd4 29. Bxc6 Qxc6 30. Qe7 Ne6 31. Nxb5 Nxf4 32. Qd8+ Kf7
33. Qg5 Qxb5 34. Qxf4 c3 35. Qc7+ Ke6 36. Qc8+ Qd7 37. Qc4+ Qd5 38. Qe2+ Qe5
39. Qa6+ Kf7 40. Qb7+ Kg6 41. Qc6+ Kg5 42. h4+ Kxh4 43. bxc3 Qf4 44. Qc5 Kg3
45. Qd4 Qc1+ 46. Qg1 Qh6+ 0-1

[Event "Memorial Pedro Lezcano Montalvo 2015"]
[Site "Gran Canaria ESP"]
[Date "2015.03.30"]
[Round "1.15"]
[White "Garcia Blanco, Omar"]
[Black "Diaz Martin, Cristina"]
[Result "1-0"]
[WhiteElo "2270"]
[BlackElo "1621"]
[PlyCount "89"]
[EventDate "2015.03.30"]
[EventType "swiss"]
[EventRounds "9"]
[EventCountry "ESP"]
[Source "lmi"]
[SourceDate "2015.03.30"]

1. e4 e5 2. Nc3 Nc6 3. Bc4 Nf6 4. d3 Bc5 5. h3 h6 6. Nge2 O-O 7. O-O d6 8. Kh2
Be6 9. f4 Bxc4 10. dxc4 Nd4 11. Ng3 Nh7 12. f5 Qh4 13. Nd5 c6 14. Ne3 Nf6 15.
c3 Nxe4 16. Nxe4 Qxe4 17. cxd4 Bxd4 18. Qc2 Qxc2 19. Nxc2 Bb6 20. Be3 Bc7 21.
f6 d5 22. Bc5 Rfe8 23. Ne3 e4+ 24. Kh1 b6 25. Bd4 Rad8 26. fxg7 Be5 27. Bxe5
Rxe5 28. Ng4 Re6 29. cxd5 cxd5 30. Rad1 Kxg7 31. Ne3 Re5 32. Rd4 Rc8 33. g4 Kg6
34. Rfd1 Kg5 35. Kg2 Rc5 36. Kg3 h5 37. h4+ Kg6 38. Kf4 Kf6 39. Nxd5+ Ke6 40.
Nc7+ Kf6 41. Rd6+ Kg7 42. b4 Rxc7 43. Kxe5 hxg4 44. Kxe4 Rc4+ 45. R6d4 1-0

[Event "Memorial Pedro Lezcano Montalvo 2015"]
[Site "Gran Canaria ESP"]
[Date "2015.03.31"]
[Round "2.1"]
[White "Horvath, Adam"]
[Black "Menvielle Laccourreye, Augusto"]
[Result "1-0"]
[WhiteElo "2532"]
[BlackElo "2131"]
[PlyCount "51"]
[EventDate "2015.03.30"]
[EventType "swiss"]
[EventRounds "9"]
[EventCountry "ESP"]
[Source "lmi"]
[SourceDate "2015.03.30"]

1. e4 d6 2. d4 Nf6 3. Nc3 e5 4. Nf3 Nbd7 5. Bc4 Be7 6. a4 O-O 7. O-O c6 8. Re1
Qc7 9. h3 h6 10. Nh4 Re8 11. dxe5 dxe5 12. Qf3 Nf8 13. Be3 Be6 14. Bxe6 Nxe6
15. Qe2 Red8 16. Qc4 Kh8 17. a5 Ne8 18. Nf3 b5 19. axb6 axb6 20. b4 Nd6 21. Qb3
Bf6 22. Nd2 Be7 23. Na4 b5 24. Nc5 Nb7 25. Na6 Qc8 26. Qc3 1-0

[Event "Memorial Pedro Lezcano Montalvo 2015"]
[Site "Gran Canaria ESP"]
[Date "2015.03.31"]
[Round "2.2"]
[White "Ulybin, Mikhail"]
[Black "Lopez Pereyra, Antonio"]
[Result "1-0"]
[WhiteElo "2502"]
[BlackElo "2111"]
[PlyCount "81"]
[EventDate "2015.03.30"]
[EventType "swiss"]
[EventRounds "9"]
[EventCountry "ESP"]
[Source "lmi"]
[SourceDate "2015.03.30"]

1. e4 c5 2. Nf3 d6 3. Bc4 Nc6 4. c3 Nf6 5. d3 Bg4 6. Qb3 Qd7 7. Bxf7+ Kd8 8.
Ng5 Ne5 9. O-O h6 10. Be6 Bxe6 11. Nxe6+ Kc8 12. Nxf8 Rxf8 13. Qc2 Qg4 14. f3
Qh4 15. d4 Nc6 16. Be3 g5 17. Nd2 g4 18. dxc5 dxc5 19. Qb3 gxf3 20. Nxf3 Qxe4
21. Bxc5 Nd7 22. Bd4 Kc7 23. Rae1 Qg4 24. Qe6 Qh5 25. Bf2 Rad8 26. Bg3+ Kc8 27.
b4 Rf6 28. Qe2 a6 29. a4 Rg8 30. b5 axb5 31. axb5 Na5 32. Ra1 Qc5+ 33. Bf2 Qc7
34. b6 Qc4 35. Qxc4+ Nxc4 36. Ra8+ Nb8 37. Bg3 Nd6 38. Ne5 Rxf1+ 39. Kxf1 Ne4
40. Bf4 Rf8 41. Rxb8+ 1-0

[Event "Memorial Pedro Lezcano Montalvo 2015"]
[Site "Gran Canaria ESP"]
[Date "2015.03.31"]
[Round "2.3"]
[White "Mateos Rozas, Miguel Angel"]
[Black "Kurajica, Bojan"]
[Result "0-1"]
[WhiteElo "2133"]
[BlackElo "2492"]
[PlyCount "69"]
[EventDate "2015.03.30"]
[EventType "swiss"]
[EventRounds "9"]
[EventCountry "ESP"]
[Source "lmi"]
[SourceDate "2015.03.30"]

1. e4 c5 2. Nf3 Nc6 3. Bb5 Qb6 4. Nc3 e6 5. O-O Nge7 6. Re1 a6 7. Bf1 Ng6 8. b3
Be7 9. Bb2 O-O 10. g3 Qa7 11. Bg2 b5 12. d3 Bb7 13. h4 f6 14. Ne2 Rf7 15. h5
Nge5 16. Nf4 Nxf3+ 17. Bxf3 Bd6 18. Qd2 Raf8 19. Bg4 Be5 20. c3 b4 21. Nxe6
dxe6 22. Bxe6 Bc8 23. Bd5 Bxc3 24. Bxc3 bxc3 25. Qxc3 Nd4 26. Bxf7+ Qxf7 27.
Qxc5 Nf3+ 28. Kg2 Nxe1+ 29. Rxe1 f5 30. exf5 Bb7+ 31. f3 Qxf5 32. Qxf5 Rxf5 33.
g4 Ra5 34. Re2 Rd5 35. Rd2 0-1

[Event "Memorial Pedro Lezcano Montalvo 2015"]
[Site "Gran Canaria ESP"]
[Date "2015.03.31"]
[Round "2.4"]
[White "Hansen, Torbjorn Ringdal"]
[Black "Ramirez Medina, Victor"]
[Result "1-0"]
[WhiteElo "2487"]
[BlackElo "2104"]
[PlyCount "79"]
[EventDate "2015.03.30"]
[EventType "swiss"]
[EventRounds "9"]
[EventCountry "ESP"]
[Source "lmi"]
[SourceDate "2015.03.30"]

1. e4 c5 2. Nf3 d6 3. Bb5+ Nd7 4. O-O Ngf6 5. Re1 a6 6. Bd3 b6 7. c3 Bb7 8. Bc2
e5 9. d4 cxd4 10. cxd4 Be7 11. Nc3 O-O 12. Bg5 Rc8 13. Rc1 Re8 14. h3 b5 15. a3
Nb6 16. Qe2 Nc4 17. Bd3 d5 18. dxe5 Nd7 19. h4 Nf8 20. g3 Qb6 21. Red1 Rc7 22.
Bxe7 Rcxe7 23. h5 Rc8 24. h6 g6 25. Nh2 Qd8 26. Ng4 Rec7 27. Nb1 Qe7 28. b3
Nxa3 29. Rxc7 Rxc7 30. Nf6+ Kh8 31. Nxa3 Qxa3 32. Ne8 Rc1 33. Nd6 Qa1 34. Rxc1
Qxc1+ 35. Kg2 Qc7 36. Qd2 f5 37. Qg5 Bc6 38. Qf6+ Kg8 39. b4 Qd7 40. Ne8 1-0

[Event "Memorial Pedro Lezcano Montalvo 2015"]
[Site "Gran Canaria ESP"]
[Date "2015.03.31"]
[Round "2.5"]
[White "Larino Nieto, David"]
[Black "Camino Carrio, Nicanor"]
[Result "1-0"]
[WhiteElo "2438"]
[BlackElo "2060"]
[PlyCount "55"]
[EventDate "2015.03.30"]
[EventType "swiss"]
[EventRounds "9"]
[EventCountry "ESP"]
[Source "lmi"]
[SourceDate "2015.03.30"]

1. Nf3 Nf6 2. b3 g6 3. Bb2 Bg7 4. g3 O-O 5. Bg2 d6 6. d4 e5 7. dxe5 Ng4 8. Nbd2
Nxe5 9. Nxe5 dxe5 10. Nc4 f6 11. Ba3 Re8 12. Bd5+ Kh8 13. Bf7 b5 14. Bxe8 Qxe8
15. Qd5 Nc6 16. Na5 Bd7 17. O-O-O Nd4 18. e3 Be6 19. Qc5 Nf5 20. Qc6 Qc8 21.
Nb7 Qg8 22. Nd8 Rxd8 23. Rxd8 Qxd8 24. Qxe6 h5 25. Rd1 Qb8 26. Rd7 b4 27. Bb2
Qb5 28. Qe8+ 1-0

[Event "Memorial Pedro Lezcano Montalvo 2015"]
[Site "Gran Canaria ESP"]
[Date "2015.03.31"]
[Round "2.6"]
[White "Perez Rosales, Pedro"]
[Black "Roeder, Matthias"]
[Result "0-1"]
[WhiteElo "2106"]
[BlackElo "2418"]
[PlyCount "70"]
[EventDate "2015.03.30"]
[EventType "swiss"]
[EventRounds "9"]
[EventCountry "ESP"]
[Source "lmi"]
[SourceDate "2015.03.30"]

1. d4 Nf6 2. c4 e6 3. Nf3 d5 4. g3 Bb4+ 5. Bd2 Be7 6. Bg2 O-O 7. O-O Nbd7 8.
Qb3 Nb6 9. c5 Nc4 10. Rd1 b6 11. cxb6 cxb6 12. Nc3 Bb7 13. Bf4 Rc8 14. Rac1 a6
15. a4 Na5 16. Qa2 h6 17. Ne5 Bd6 18. Nd3 Bxf4 19. Nxf4 Qd6 20. Nd3 Rc7 21. e3
Rfc8 22. Ne2 Nc6 23. Qb3 Nd7 24. Rc3 a5 25. Bf1 Ba6 26. Nec1 Bc4 27. Qc2 Nf6
28. f3 e5 29. dxe5 Nxe5 30. Nxe5 Qxe5 31. Bxc4 Rxc4 32. Rdd3 Rxc3 33. bxc3 d4
34. exd4 Qe1+ 35. Kg2 Nd5 0-1

[Event "Memorial Pedro Lezcano Montalvo 2015"]
[Site "Gran Canaria ESP"]
[Date "2015.03.31"]
[Round "2.7"]
[White "Kohlweyer, Bernd"]
[Black "Bozinovic, Boban"]
[Result "1/2-1/2"]
[WhiteElo "2402"]
[BlackElo "2052"]
[PlyCount "26"]
[EventDate "2015.03.30"]
[EventType "swiss"]
[EventRounds "9"]
[EventCountry "ESP"]
[Source "lmi"]
[SourceDate "2015.03.30"]

1. d4 Nf6 2. c4 c5 3. Nf3 cxd4 4. Nxd4 a6 5. Nc3 d5 6. cxd5 Nxd5 7. Bd2 e5 8.
Nc2 Nxc3 9. Bxc3 Qxd1+ 10. Rxd1 Nc6 11. g3 Be6 12. a3 Bb3 13. Rd2 Rd8 1/2-1/2

[Event "Memorial Pedro Lezcano Montalvo 2015"]
[Site "Gran Canaria ESP"]
[Date "2015.03.31"]
[Round "2.8"]
[White "Rodriguez Melian, Jose Luis"]
[Black "Del Rey, Diego"]
[Result "0-1"]
[WhiteElo "2102"]
[BlackElo "2375"]
[PlyCount "90"]
[EventDate "2015.03.30"]
[EventType "swiss"]
[EventRounds "9"]
[EventCountry "ESP"]
[Source "lmi"]
[SourceDate "2015.03.30"]

1. d4 Nf6 2. c4 c5 3. d5 e6 4. Nc3 exd5 5. cxd5 Bd6 6. Nf3 O-O 7. g3 Bc7 8. Bg2
d6 9. O-O Re8 10. Bf4 a6 11. a4 Nbd7 12. h3 Nf8 13. g4 Ng6 14. Bg3 h5 15. g5
Nh7 16. Qd2 Bf5 17. Nh4 Nxh4 18. Bxh4 Qd7 19. Kh2 Ba5 20. f3 Nf8 21. e4 Bh7 22.
Bg3 b5 23. axb5 axb5 24. h4 c4 25. Bh3 Qb7 26. Bxd6 b4 27. Ne2 c3 28. bxc3 bxc3
29. Nxc3 Qb3 30. Rxa5 Rxa5 31. Rb1 Qc4 32. Bf1 Qc8 33. Nb5 Qa6 34. Bxf8 Ra2 35.
Rb2 Rxb2 36. Qxb2 Rxf8 37. Bc4 Rc8 38. Qe5 Qb6 39. Kg2 Bg6 40. Be2 Qe3 41. Nd4
Rc1 42. Bf1 Qe1 43. Qe8+ Kh7 44. Qb5 Rd1 45. Qe2 Rd2 0-1

[Event "Memorial Pedro Lezcano Montalvo 2015"]
[Site "Gran Canaria ESP"]
[Date "2015.03.31"]
[Round "2.9"]
[White "Alvarado Diaz, Alejandro"]
[Black "Marrero Cardenes, Agustin"]
[Result "1-0"]
[WhiteElo "2369"]
[BlackElo "2005"]
[PlyCount "79"]
[EventDate "2015.03.30"]
[EventType "swiss"]
[EventRounds "9"]
[EventCountry "ESP"]
[Source "lmi"]
[SourceDate "2015.03.30"]

1. g3 g6 2. Bg2 Bg7 3. c4 Nf6 4. Nc3 O-O 5. e3 d6 6. Nge2 e5 7. O-O c6 8. d4
Re8 9. b3 a5 10. d5 cxd5 11. Nxd5 Nxd5 12. Qxd5 Qc7 13. Ba3 Bf8 14. Nc3 Ra6 15.
Rfd1 Re6 16. Nb5 Qe7 17. c5 dxc5 18. Bxc5 Qxc5 19. Qxc5 Bxc5 20. Rd8+ Bf8 21.
Rxc8 Rab6 22. Nc7 Rec6 23. Bxc6 Rxc6 24. Rd1 Na6 25. Rdd8 Nxc7 26. Rxf8+ Kg7
27. Rfd8 Kf6 28. Rd7 Nb5 29. Rxc6+ bxc6 30. a4 Ke6 31. Rb7 Nc3 32. Rc7 Kd6 33.
Rxf7 Ne2+ 34. Kf1 Nc1 35. Rb7 Nd3 36. Ra7 Nc5 37. Rxa5 Nxb3 38. Ra7 h6 39. a5
Kc5 40. a6 1-0